000 01590nam a22004450a 4500
001 PT19520
003 AR-LpoUNG
005 20210201010532.0
008 201001s2004||||sp |||||||||||||||||spa d
020 _a843231157X
_c$6,67
040 _aAR-LpoUNG
_bspa
_eaacr
041 _aspa
044 _asp
082 0 _a982.064 43edu
100 1 _aJelin, Elizabeth
_ecomp.
245 1 0 _aEducación y memoria :
_bla escuela elabora el pasado
250 _a1ra ed.
260 _aMadrid :
_bSiglo Veintiuno,
_c2004.
300 _a185 p. :
_bmapas, fot.
_3Impreso
490 0 _aMemorias de la represión ;
_vv.7
520 _a<p>El volumen forma parte de la serie: Memorias de la Represi&oacute;n, que pone a disposici&oacute;n del p&uacute;blico los resultados de un programa desarrollado por el Panel regional de Am&eacute;rica Latina, del Social Science Research Council, con el pr&oacute;posito de promover la investigaci&oacute;n y la formaci&oacute;n de investigadores sobre las memorias de la represi&oacute;n pol&iacute;tica en el Cono Sur.</p>
650 4 _aAMERICA DEL SUR
650 4 _aAMERICA LATINA
650 4 _aANALISIS HISTORICO
650 4 _aASPECTOS EDUCATIVOS
650 4 _aASPECTOS POLITICOS
650 4 _aAUTORITARISMO
650 4 _aCONCIENTIZACION
650 4 _aDERECHOS HUMANOS
650 4 _aDICTADURA
650 4 _aEDUCACION
650 4 _aFUERZAS ARMADAS
650 4 _aHISTORIA
651 4 _aAmérica Latina
653 _aMAES
653 _aREPRESION
700 1 _aLorenz, Federico Guillermo
_ecomp.
905 _a19520
942 _cLSALA
999 _c51710
_d51710